Southville International School and Colleges
Your cart is empty.
  • Cart
  • Lists
    Public lists Eva Luna New books Lux_list list_1
    Your lists Log in to create your own lists
  • Log in to your account
  • Your cookies
  • Search history
Southville International School and Colleges
  • Advanced search
  • Recent comments
  • Most popular
  • Libraries

Log in to your account

Log in with GOOGLE


If you do not have an external account, but do have a local account, you can still log in:

  1. Home
  2. MARC view: Social conflicts in the Roman Republic
Normal view MARC view ISBD view

Social conflicts in the Roman Republic (Record no. 9379)

[ view plain ]
MARC details
000 -LEADER
fixed length control field 00815cam a2200277 4500
001 - CONTROL NUMBER
control field 1323964
003 - CONTROL NUMBER IDENTIFIER
control field SISC
005 - DATE AND TIME OF LATEST TRANSACTION
control field 20160404151103.0
008 - FIXED-LENGTH DATA ELEMENTS--GENERAL INFORMATION
fixed length control field 720207t19721971nyua b 001 0 eng
010 ## - LIBRARY OF CONGRESS CONTROL NUMBER
LC control number 78128044
020 ## - INTERNATIONAL STANDARD BOOK NUMBER
International Standard Book Number 0393043355
-- 0393005860 (pbk.)
040 ## - CATALOGING SOURCE
Original cataloging agency DLC
Transcribing agency DLC
Modifying agency DLC
043 ## - GEOGRAPHIC AREA CODE
Geographic area code e------
-- f------
-- aw-----
050 00 - LIBRARY OF CONGRESS CALL NUMBER
Classification number HN 10.R7
Item number B7 1971
082 00 - DEWEY DECIMAL CLASSIFICATION NUMBER
Classification number HS 937
Item number B83 1971
100 1# - MAIN ENTRY--PERSONAL NAME
Personal name Brunt, P. A.
9 (RLIN) 13406
245 10 - TITLE STATEMENT
Title Social conflicts in the Roman Republic
Statement of responsibility, etc [by] P. A. Brunt.
260 ## - PUBLICATION, DISTRIBUTION, ETC. (IMPRINT)
Place of publication, distribution, etc New York,
Name of publisher, distributor, etc W.W. Norton & Company
Date of publication, distribution, etc c1971
300 ## - PHYSICAL DESCRIPTION
Extent 164 p.
Dimensions 19.5 cm.
350 ## - PRICE (NR) (BK AM CF MU VM SE) [OBSOLETE]
Price $6.00
490 0# - SERIES STATEMENT
Series statement Ancient culture and society
651 #0 - SUBJECT ADDED ENTRY--GEOGRAPHIC NAME
Geographic name Rome
General subdivision Social conditions
Chronological subdivision 510-30 B.C.
9 (RLIN) 13407
906 ## - LOCAL DATA ELEMENT F, LDF (RLIN)
a 7
b cbc
c orignew
d 2
e ncip
f 19
g y-gencatlg
942 ## - ADDED ENTRY ELEMENTS (KOHA)
Source of classification or shelving scheme Library of Congress Classification
Koha item type Books
Holdings
Withdrawn status Lost status Source of classification or shelving scheme Damaged status Home library Current library Shelving location Date acquired Total Checkouts Full call number Barcode Date last seen Copy number Price effective from Koha item type
    Library of Congress Classification   Luxembourg Library Luxembourg Library High School Section 08/24/2013   HN 10.R7 B7 1971 9829 04/04/2016 1 08/24/2013 Books

Social conflicts in the Roman Republic

APA

Brunt P. A., . (1971). Social conflicts in the Roman Republic. New York: W.W. Norton & Company.

Chicago

Brunt P A, . 1971. Social conflicts in the Roman Republic. New York: W.W. Norton & Company.

Harvard

Brunt P. A., . (1971). Social conflicts in the Roman Republic. New York: W.W. Norton & Company.

MLA

Brunt P A, . Social conflicts in the Roman Republic. New York: W.W. Norton & Company. 1971.

  • Place hold
  • Print
  • Cite
  • Add to your cart (remove)
  • Save record
    BIBTEX Dublin Core MARCXML MARC (non-Unicode/MARC-8) MARC (Unicode/UTF-8) MARC (Unicode/UTF-8, Standard) MODS (XML) RIS
  • More searches
    Search for this title in:
    Other Libraries (WorldCat) Other Databases (Google Scholar) Online Stores (Bookfinder.com) Open Library (openlibrary.org)

Exporting to Dublin Core...

SOUTHVILLE LIBRARY

Southville International School and Colleges Library

1281 Tropical Ave. Cor. Luxembourg St., BF Homes International, Las Pinas City

Tel. No. 8256374 / 252358 Loc. 117/146

Powered by Koha